000 01405nam a2200301 a 4500
001 BRCA_2385
005 20190320203802.0
008 101108s1905----u--#---###---#000-0#spa-u
041 _aspa
044 _au
084 _a026
_b.H57
_c1905 F1615
100 1 _aCervantes Saavedra, Miguel de
_d1547-1616
_9213
245 1 0 _aSegunda parte del Ingenioso Cavallero Don Quixote de la Mancha
_cpor Miguel de Cervantes Saavedra.
260 _aNueva York
_bThe Hispanic Society of America
_c1905
300 _a1 v. (en varias paginaciones)
_c24 cm.
500 _aContenido : Preliminares. Texto
500 _aFacsímil de : Segunda parte del ingenioso cavallero Don Quixote de la Mancha. Madrid: Juan de la Cuesta, 1615
500 _aFacsímile de la segunda parte de la edición príncipe, publicado en New York, por The Hispanic Society of America, el año de 1905. Tirada limitada, lleva el número 107. Ejemplar encuadernado en pergamino e impreso en excelente papel Lúdovik Osterc
500 _aExistencias : Complementa al LO-004
500 _aQMR116 (?)
650 1 4 _aNovela española
_yÉpoca clásica, 1500-1700
_9215
650 1 4 _aLiteratura española
_yÉpoca clásica, 1500-1700
_9216
650 1 4 _aNovela española
_ySiglo XVII
_9217
650 1 4 _aDon Quijote (Personaje ficticio)
_eNovela
_9218
740 0 _aEl Ingenioso Hidalgo Don Quijote de la Mancha
902 _aQFM
942 _2lcc
_cB
999 _c2126
_d2126